Guess the Green Day Song #3: Expert - Statistics

General Stats
  • This quiz has been taken 52 times
  • The average score is 78 of 251
Answer Stats
lyric % Correct
I'm
100%
a
89%
A
89%
the
67%
An
61%
my
50%
no
50%
in
47%
on
44%
it
42%
and
39%
Goin'
39%
to
36%
what's
33%
Where
33%
Of
31%
of
31%
Oh
28%
that's
28%
at
22%
down
22%
mine
19%
alone
17%
takin'
17%
Lost
14%
mind
14%
Now
14%
or
14%
out
14%
mission
11%
own
11%
cars
8%
into
8%
ridin'
8%
road
8%
Trouble
8%
back
6%
found
6%
journey
6%
leavin'
6%
lookin'
6%
nerves
6%
night
6%
sound
6%
war
6%
boulevard
3%
bound
3%
Castaway
3%
castaway
3%
Cha
3%
combustion
3%
conscientious
3%
corners
3%
desolation
3%
destination
3%
drivin'
3%
expedition
3%
lurch
3%
objector
3%
return
3%
sentimental
3%
sight
3%
Song: Castaway
3%
Spontaneous
3%
stolen
3%
Testin'
3%
train
3%
unknown
3%
No matching quizzes found
Score Distribution
Percent of People with Each Score
Percentile by Number Answered
Your Score History
You have not taken this quiz